| 000 | 00788nam a22001337a 4500 | ||
|---|---|---|---|
| 040 | _cRUA | ||
| 082 | _aVEM SRE 2014 B441 Or.1 | ||
| 100 | _aSRENG SAINGVOUCH ; ស្រេង សំាងវួច | ||
| 245 | _aEffect of levamisole on gastrointestinal parasites of sheep in svay ampear commune, mukhkampol district, kandal province, ប្រសិទ្ធភាពឳសថ Levamisole ទៅលើបរាសិតខាងក្នុងក្រពះពោះវៀនចៀម នៅឃុំស្វាយអំពារ ស្រុកមុខកំពូល ខេត្តកណ្ដាល | ||
| 260 |
_aPhnom Penh _bRUA _c2014 |
||
| 300 |
_ax ;39p. _bill. _c29cm. |
||
| 856 | _uhttps://drive.google.com/file/d/1NCNxEryBQzZ5IqPat26cGSHYkAY8nEUe/view?usp=sharing | ||
| 942 | _cVEM | ||
| 999 |
_c7204 _d7204 |
||